00828nam a2200241 i 450000100060000000300090000600500170001500700030003200800410003502000180007608000140009424500980010825000120020626000350021830000210025349000280027465000420030270000450034483000360038985200220042599900170044795201220046412571ES-MaACL20230906150340.0t|960911s1996 sp |||| | spa j a84-7882-230-5 a807.1(07)00aVerba b: ejercicios de etimología latina / cMaría Victoria Bello Berlín ... [et al.]. a1ª ed. aMadrid : bClásicas, c1996. a76 p. ; c30 cm.1 aInstrumenta didáctica14aLengua latina-xEtimología.91693741 aBello Berlín, María Victoria.9272390 aInstrumenta didáctica9179239 aES-MaACLjL-20463 c12571d12571 00104070aATENEOMbATENEOMcDEPO2d2008-01-17eSCl0oL-20463p1012807r2023-02-23 00:00:00w2023-02-23yMONOGRAFIA